000 00517nam a2200181Ia 4500
005 20250508163907.0
008 008 250505s9999 xx 000 0 eng d
037 _aReference
040 _aFEDL
_beng
_cFEDL
041 _aeng
_2eng
084 _a330.9, WOR
_qFEDL
245 0 _aBuilding institutions for markerts
260 _aOxford, UK
_bOxford University Press
_c2002
300 _axii,249p.
490 _aWorld development report 2002
942 _cREF
_h330.9, WOR
999 _c1385834
_d1385834